[Event "19th EUR-ch"]
[Site "Batumi GEO"]
[Date "2018.03.24"]
[Round "7.24"]
[White "Esipenko, Andrey"]
[Black "Parligras, Mircea-Emilian"]
[Result "1/2-1/2"]
[WhiteElo "2581"]
[BlackElo "2642"]
[EventDate "2018.03.17"]
[PlyCount "114"]

1.d4 Nf6 2.c4 e6 3.g3 d5 4.Bg2 Bb4+ 5.Nd2 O-O 6.Nf3 b6 7.O-O Bb7 8.cxd5 
exd5 9.Qb3 Bd6 10.Nb1 Re8 11.Nc3 c6 12.Bf4 Na6 13.Bxd6 Qxd6 14.Rfd1 Nc7 
15.e3 Nd7 16.Rac1 Rad8 17.Qa4 a5 18.Qb3 Ba6 19.Ne5 Nxe5 20.dxe5 Qb4 21.Na4
Na8 22.Rd4 Qxb3 23.axb3 Bb5 24.Nc3 Ba6 25.Na4 Bb5 26.Nc3 Ba6 27.f4 f6 28.
exf6 Rxe3 29.fxg7 Kxg7 30.Kf2 Rde8 31.Be4 R3xe4 32.Nxe4 dxe4 33.Rxc6 e3+ 
34.Ke1 Bb5 35.Rc3 Re7 36.Rd6 e2 37.f5 Re5 38.g4 Re4 39.Rd5 Ba6 40.Rd7+ Kf6
41.Rc6+ Kg5 42.Rg7+ Kf4 43.f6 Rd4 44.Kf2 Rd1 45.Re6 Rf1+ 46.Kg2 Bd3 47.
Rge7 Kxg4 48.Re3 Bg6 49.Rxe2 Rxf6 50.Ra7 Rf8 51.Re3 Rd8 52.Kf2 Rc8 53.Rc3 
Rf8+ 54.Ke2 Re8+ 55.Kf2 Rf8+ 56.Ke2 Re8+ 57.Kf2 Rf8+ 1/2-1/2

[Event "19th EUR-ch"]
[Site "Batumi GEO"]
[Date "2018.03.24"]
[Round "7.25"]
[White "Safarli, Eltaj"]
[Black "Stocek, Jiri"]
[Result "1-0"]
[WhiteElo "2639"]
[BlackElo "2567"]
[EventDate "2018.03.17"]
[PlyCount "91"]

1.e4 c5 2.Nf3 Nc6 3.Bb5 e6 4.O-O Nge7 5.d4 cxd4 6.Nxd4 Qc7 7.Be3 Nxd4 8.
Qxd4 Nc6 9.Qc3 a6 10.Be2 b5 11.Nd2 Bb7 12.a4 b4 13.Qd3 Be7 14.f4 Rd8 15.
Nb3 d5 16.exd5 Na5 17.Qd4 O-O 18.Nxa5 Qxa5 19.Qa7 Rd7 20.Bb6 Bxd5 21.Qxa6 
Bc5+ 22.Bxc5 Qxc5+ 23.Rf2 Rb8 24.Qd3 b3 25.c4 Bc6 26.Qc3 h5 27.Qe5 Qxe5 
28.fxe5 g6 29.a5 Ra7 30.Bf3 Be8 31.Rd2 Kf8 32.a6 Rc8 33.Rd3 Rxc4 34.Rxb3 
Bc6 35.Rb8+ Ke7 36.b4 Bxf3 37.gxf3 Kd7 38.b5 Kc7 39.Rf8 Kb6 40.Rb1 Rd7 41.
Rb2 g5 42.Rb8+ Ka7 43.Rg8 Kb6 44.Rxg5 Rc5 45.Rg8 Rxe5 46.Rc8 1-0

[Event "19th EUR-ch"]
[Site "Batumi GEO"]
[Date "2018.03.24"]
[Round "7.26"]
[White "Fridman, Daniel"]
[Black "Chigaev, Maksim"]
[Result "1/2-1/2"]
[WhiteElo "2637"]
[BlackElo "2560"]
[EventDate "2018.03.17"]
[PlyCount "51"]

1.Nf3 Nf6 2.c4 g6 3.g3 Bg7 4.Bg2 O-O 5.O-O d6 6.d4 Nbd7 7.Nc3 e5 8.e4 exd4
9.Nxd4 Re8 10.h3 a6 11.Be3 Rb8 12.b3 c5 13.Nde2 b5 14.Qxd6 b4 15.Na4 Nxe4 
16.Bxe4 Bxa1 17.Rxa1 Rxe4 18.Nxc5 Re8 19.Rd1 Qe7 20.Qxe7 Rxe7 21.Nf4 Nxc5 
22.Bxc5 Re8 23.Nd5 Re2 24.Nf4 Re8 25.Nd5 Re2 26.Nf4 1/2-1/2

[Event "19th EUR-ch"]
[Site "Batumi GEO"]
[Date "2018.03.24"]
[Round "7.27"]
[White "Sarana, Alexey"]
[Black "Movsesian, Sergei"]
[Result "1-0"]
[WhiteElo "2577"]
[BlackElo "2632"]
[EventDate "2018.03.17"]
[PlyCount "65"]

1.e4 c5 2.Nf3 e6 3.d4 cxd4 4.Nxd4 Nc6 5.Nc3 Qc7 6.Be3 a6 7.Qf3 Nf6 8.O-O-O
Ne5 9.Qg3 b5 10.f4 Neg4 11.Bg1 h5 12.e5 b4 13.Na4 Nd5 14.h3 Nh6 15.Bd3 g6 
16.Be4 Bb7 17.Qf3 Nf5 18.Nxf5 gxf5 19.Bxd5 Bxd5 20.Rxd5 exd5 21.Nb6 Rb8 
22.Nxd5 Qa5 23.Ba7 b3 24.Nf6+ Kd8 25.Rd1 Qc7 26.axb3 Qxa7 27.Rxd7+ Qxd7 
28.Nxd7 Kxd7 29.Qd5+ Kc7 30.Qxf7+ Kc8 31.e6 Rb7 32.Qe8+ Kc7 33.Qd7+ 1-0

[Event "19th EUR-ch"]
[Site "Batumi GEO"]
[Date "2018.03.24"]
[Round "7.28"]
[White "Petrosian, Manuel"]
[Black "Erdos, Viktor"]
[Result "1/2-1/2"]
[WhiteElo "2569"]
[BlackElo "2627"]
[EventDate "2018.03.17"]
[PlyCount "43"]

1.d4 Nf6 2.c4 g6 3.Nc3 d5 4.cxd5 Nxd5 5.e4 Nxc3 6.bxc3 Bg7 7.Be3 c5 8.Rc1 
O-O 9.Qd2 e5 10.d5 Nd7 11.Bd3 f5 12.Bg5 Nf6 13.c4 Qd6 14.Ne2 h6 15.Bxf6 
Rxf6 16.Nc3 Bd7 17.Rb1 Rb8 18.Bc2 a6 19.a4 b6 20.f3 h5 21.Bd3 Kh7 22.Qe2 
1/2-1/2

[Event "19th EUR-ch"]
[Site "Batumi GEO"]
[Date "2018.03.24"]
[Round "7.29"]
[White "Lupulescu, Constantin"]
[Black "Ter-Sahakian, Samvel"]
[Result "1/2-1/2"]
[WhiteElo "2627"]
[BlackElo "2553"]
[EventDate "2018.03.17"]
[PlyCount "29"]

1.d4 d5 2.c4 c6 3.Nf3 Nf6 4.g3 e6 5.Bg2 Be7 6.O-O O-O 7.Qc2 Nbd7 8.Nbd2 b6
9.e4 dxc4 10.Nxc4 Bb7 11.a3 Rc8 12.Bg5 b5 13.e5 bxc4 14.exf6 Nxf6 15.Rfd1 
1/2-1/2

[Event "19th EUR-ch"]
[Site "Batumi GEO"]
[Date "2018.03.24"]
[Round "7.30"]
[White "Lomasov, Semen"]
[Black "Vocaturo, Daniele"]
[Result "1-0"]
[WhiteElo "2551"]
[BlackElo "2620"]
[EventDate "2018.03.17"]
[PlyCount "121"]

1.d4 e6 2.e4 d5 3.Nd2 Be7 4.Ngf3 Nf6 5.Bd3 c5 6.e5 Nfd7 7.c3 b6 8.Ne4 Ba6 
9.Bxa6 Nxa6 10.Nd6+ Bxd6 11.exd6 O-O 12.O-O Nf6 13.Bf4 Rc8 14.Qa4 Nb8 15.
Qxa7 Nh5 16.Bg5 f6 17.Be3 Qxd6 18.c4 cxd4 19.Nxd4 Rxc4 20.Rfc1 Rf7 21.Nb5 
Qd8 22.Qxb6 Qxb6 23.Bxb6 Rb7 24.Nd6 Rxb6 25.Nxc4 dxc4 26.Rxc4 f5 27.b4 Nf6
28.a4 Nd5 29.b5 Kf7 30.g3 Ke7 31.a5 Rxb5 32.a6 Nxa6 33.Rxa6 Rb1+ 34.Kg2 
Rb2 35.Rcc6 Re2 36.Kf1 Re4 37.Ra7+ Kf6 38.Rd7 Re5 39.Rc8 g5 40.Rf8+ Kg6 
41.Rg8+ Kh6 42.Rf7 g4 43.Rh8 Kg6 44.Rhxh7 Re4 45.Rfg7+ Kf6 46.Ra7 Kg6 47.
h3 gxh3 48.Rxh3 Rb4 49.Ra6 Re4 50.f3 Re5 51.Kf2 Nc3 52.Rh4 Re2+ 53.Kf1 Re3
54.Kg2 Re2+ 55.Kh3 Nd1 56.Rha4 Nf2+ 57.Kh4 Nd3 58.Ra2 Re3 59.R2a3 Re2 60.
g4 fxg4 61.Rxd3 1-0

[Event "19th EUR-ch"]
[Site "Batumi GEO"]
[Date "2018.03.24"]
[Round "7.31"]
[White "Romanov, Evgeny"]
[Black "Huschenbeth, Niclas"]
[Result "1/2-1/2"]
[WhiteElo "2619"]
[BlackElo "2549"]
[EventDate "2018.03.17"]
[PlyCount "55"]

1.e4 c5 2.Nf3 d6 3.Bb5+ Bd7 4.c4 e5 5.Bxd7+ Qxd7 6.Nc3 Nc6 7.O-O g6 8.a3 
Bg7 9.b4 Nge7 10.bxc5 dxc5 11.Nd5 Nxd5 12.cxd5 Nd4 13.Nxd4 exd4 14.d3 O-O 
15.a4 f5 16.Qb3 f4 17.f3 b6 18.Bd2 Be5 19.Rfb1 Rab8 20.Qb5 Qxb5 21.axb5 
Rb7 22.h4 h6 23.Kf2 Kg7 24.Rh1 Rbf7 25.Ke2 Rh8 26.Ra4 g5 27.Raa1 Kg6 28.
hxg5 1/2-1/2

[Event "19th EUR-ch"]
[Site "Batumi GEO"]
[Date "2018.03.24"]
[Round "7.32"]
[White "Alekseev, Evgeny"]
[Black "Boruchovsky, Avital"]
[Result "1/2-1/2"]
[WhiteElo "2617"]
[BlackElo "2542"]
[EventDate "2018.03.17"]
[PlyCount "75"]

1.e4 e5 2.Nf3 Nc6 3.Bc4 Bc5 4.O-O Nf6 5.d3 d6 6.c3 a6 7.Bb3 Ba7 8.Be3 O-O 
9.Nbd2 Ne7 10.Bxa7 Rxa7 11.Nh4 a5 12.f4 a4 13.Bc2 Ng4 14.Qe2 Nc6 15.g3 Kh8
16.f5 Qg5 17.Rae1 b5 18.a3 Ra8 19.Ng2 Nh6 20.Ne3 Qd8 21.g4 f6 22.h4 Ng8 
23.Kh2 Nce7 24.Qg2 c6 25.Rf2 d5 26.g5 Ra7 27.Rg1 g6 28.Qg3 d4 29.Ng4 dxc3 
30.bxc3 gxf5 31.Nxe5 fxe5 32.Qxe5+ Nf6 33.gxf6 Ng6 34.Qc5 Qc7+ 35.Kh1 Rxf6
36.exf5 Qe7 37.Qd4 c5 38.Qg4 1/2-1/2

[Event "19th EUR-ch"]
[Site "Batumi GEO"]
[Date "2018.03.24"]
[Round "7.33"]
[White "Alekseenko, Kirill"]
[Black "Djukic, Nikola"]
[Result "1-0"]
[WhiteElo "2609"]
[BlackElo "2523"]
[EventDate "2018.03.17"]
[PlyCount "153"]

1.e4 c5 2.Nf3 d6 3.d4 cxd4 4.Nxd4 Nf6 5.Nc3 g6 6.Be3 Bg7 7.f3 O-O 8.Qd2 
Nc6 9.Bc4 Bd7 10.O-O-O Rb8 11.h4 b5 12.Nxc6 Bxc6 13.Bd3 Qa5 14.Kb1 Rfc8 
15.Bh6 b4 16.Ne2 Bxh6 17.Qxh6 Qe5 18.Qg5 Qxg5 19.hxg5 Nd7 20.Nd4 Bb7 21.
Rh4 Kg7 22.Nb3 Rc7 23.Rdh1 Rh8 24.Kc1 Nc5 25.Kd2 e5 26.Nxc5 Rxc5 27.a3 a5 
28.axb4 axb4 29.Ra1 Rb8 30.Ra7 d5 31.b3 dxe4 32.fxe4 Bc8 33.Rh1 Be6 34.
Rha1 Rd8 35.Ra8 Rd4 36.Re8 h6 37.Rxe6 fxe6 38.Ra7+ Kh8 39.gxh6 Rd8 40.Rb7 
Rf8 41.Ke3 Rfc8 42.Rxb4 Rxc2 43.Bxc2 Rxc2 44.Rb7 Rxg2 45.b4 Rg3+ 46.Kf2 
Rg4 47.Ke3 Rh4 48.Rb5 Rh3+ 49.Kd2 Kh7 50.Rxe5 Kxh6 51.b5 Kg7 52.Rxe6 Rb3 
53.Re5 Kf6 54.Kc2 Rb4 55.Kc3 Rb1 56.Rc5 g5 57.Rf5+ Kg6 58.Kc4 Re1 59.Kd4 
Rd1+ 60.Kc5 Re1 61.Kd5 Rd1+ 62.Kc6 Re1 63.b6 Rxe4 64.Rd5 Re8 65.b7 Kh5 66.
Rb5 Rb8 67.Kc7 Rxb7+ 68.Rxb7 Kg4 69.Kd6 Kf4 70.Rf7+ Ke4 71.Rg7 Kf4 72.Kd5 
g4 73.Kd4 Kf3 74.Kd3 g3 75.Rf7+ Kg2 76.Ke2 Kh1 77.Rf1+ 1-0

[Event "19th EUR-ch"]
[Site "Batumi GEO"]
[Date "2018.03.24"]
[Round "7.34"]
[White "Arutinian, David"]
[Black "Andersen, Mads"]
[Result "1/2-1/2"]
[WhiteElo "2536"]
[BlackElo "2605"]
[EventDate "2018.03.17"]
[PlyCount "47"]

1.Nf3 Nf6 2.c4 g6 3.g3 Bg7 4.Bg2 O-O 5.O-O c6 6.d4 d5 7.b3 dxc4 8.bxc4 c5 
9.Bb2 cxd4 10.Nxd4 Qb6 11.Qb3 Nfd7 12.e3 e5 13.Nb5 Nc5 14.Qa3 Be6 15.Nd2 
Rd8 16.Bc3 Rd7 17.Rab1 Bf5 18.Ba5 Qa6 19.Qxc5 Qxa5 20.Qc8+ Bf8 21.Ne4 Re7 
22.Nf6+ Kg7 23.Nh5+ Kg8 24.Nf6+ 1/2-1/2

[Event "19th EUR-ch"]
[Site "Batumi GEO"]
[Date "2018.03.24"]
[Round "7.35"]
[White "Martinovic, Sasa"]
[Black "Hakobyan, Aram"]
[Result "1/2-1/2"]
[WhiteElo "2604"]
[BlackElo "2497"]
[EventDate "2018.03.17"]
[PlyCount "93"]

1.d4 e6 2.Nf3 Nf6 3.c4 b6 4.a3 Bb7 5.Nc3 d5 6.Bg5 Be7 7.e3 O-O 8.Qc2 Nbd7 
9.cxd5 Nxd5 10.Bxe7 Nxe7 11.Bd3 h6 12.Bh7+ Kh8 13.Be4 Nd5 14.Nxd5 exd5 15.
Bf5 c5 16.O-O c4 17.b3 b5 18.a4 a6 19.axb5 axb5 20.Rxa8 Bxa8 21.bxc4 dxc4 
22.Rb1 g6 23.Bxd7 Qxd7 24.Ne5 Qd5 25.f3 Kg7 26.Qb2 f6 27.e4 Qd6 28.Ng4 f5 
29.e5 Qb6 30.Ne3 Rc8 31.Qc3 h5 32.Kh1 f4 33.Nc2 Bd5 34.Nb4 Qe6 35.h4 Ra8 
36.Kg1 Rf8 37.Ra1 Ra8 38.Re1 Rd8 39.Ra1 Qe7 40.Ra5 Qxh4 41.Rxb5 Ra8 42.
Nxd5 Ra2 43.Nxf4 Qxf4 44.d5 Qg3 45.Rb7+ Kg8 46.Rb8+ Kh7 47.Rb7+ 1/2-1/2

[Event "19th EUR-ch"]
[Site "Batumi GEO"]
[Date "2018.03.24"]
[Round "7.36"]
[White "Bindrich, Falko"]
[Black "Ferreira, Jorge Viterbo"]
[Result "1/2-1/2"]
[WhiteElo "2602"]
[BlackElo "2492"]
[EventDate "2018.03.17"]
[PlyCount "81"]

1.d4 Nf6 2.c4 e6 3.g3 d5 4.Bg2 Bb4+ 5.Bd2 Be7 6.Nf3 O-O 7.O-O Nbd7 8.b4 
dxc4 9.Qc2 Rb8 10.Qxc4 b5 11.Qc2 Bb7 12.Rc1 a5 13.bxa5 c5 14.Be1 c4 15.a3 
Be4 16.Qd1 Qc7 17.Bb4 Nd5 18.Bxe7 Nxe7 19.a6 Nb6 20.Nc3 Bc6 21.Ne5 Bxg2 
22.Kxg2 Nbd5 23.Ne4 Nc6 24.Nf3 Nb6 25.Nc3 Na7 26.e4 Qc8 27.a4 b4 28.Nb5 
Qxa6 29.Nxa7 Qxa7 30.a5 Nc8 31.Ne5 Nd6 32.Nc6 Qa8 33.Nxb8 Rxb8 34.d5 b3 
35.Rab1 exd5 36.Qxd5 Qxd5 37.exd5 Ra8 38.Kf3 Kf8 39.Ke3 Rxa5 40.Kd4 Ke7 
41.Rxc4 1/2-1/2

[Event "19th EUR-ch"]
[Site "Batumi GEO"]
[Date "2018.03.24"]
[Round "7.37"]
[White "Kelires, Andreas"]
[Black "Bologan, Viorel"]
[Result "0-1"]
[WhiteElo "2523"]
[BlackElo "2600"]
[EventDate "2018.03.17"]
[PlyCount "76"]

1.d4 Nf6 2.c4 g6 3.Nc3 Bg7 4.e4 d6 5.Be2 O-O 6.Bg5 c5 7.d5 h6 8.Bf4 e6 9.
Nf3 exd5 10.cxd5 g5 11.Bg3 Nh5 12.O-O Na6 13.Re1 Nc7 14.Bd3 Nxg3 15.hxg3 
b5 16.e5 c4 17.Bc2 b4 18.Ne4 dxe5 19.d6 Ne6 20.Nxe5 Bxe5 21.Qd5 Bxb2 22.
Rab1 Bg7 23.Qxa8 Nd4 24.Bd1 Qa5 25.Bh5 Be6 26.Qb7 g4 27.Qe7 Qxh5 28.Nf6+ 
Bxf6 29.Qxf6 Nc6 30.Rbd1 Qf5 31.Qb2 c3 32.Qe2 Rd8 33.Qa6 Qc5 34.d7 c2 35.
Rc1 Nd4 36.Re4 Rxd7 37.Qa4 Qc4 38.Kh2 Rd5 0-1

[Event "19th EUR-ch"]
[Site "Batumi GEO"]
[Date "2018.03.24"]
[Round "7.38"]
[White "Ponomariov, Ruslan"]
[Black "Oboladze, Luka"]
[Result "1-0"]
[WhiteElo "2697"]
[BlackElo "2318"]
[EventDate "2018.03.17"]
[PlyCount "137"]

1.e4 c5 2.Nf3 e6 3.d4 cxd4 4.Nxd4 a6 5.c4 Nf6 6.Nc3 Bb4 7.Qd3 O-O 8.Be2 d6
9.O-O Nbd7 10.Nb3 Ne5 11.Qd4 Nfd7 12.Be3 Nc5 13.Nxc5 Bxc5 14.Qd2 Qc7 15.
Rfd1 Rd8 16.Na4 Bxe3 17.Qxe3 Bd7 18.Nb6 Rab8 19.Rac1 Be8 20.f4 Nd7 21.Na4 
Qa5 22.Nc3 Qb6 23.Qxb6 Nxb6 24.b3 Kf8 25.Kf2 Ke7 26.Bf3 Bc6 27.Rd2 Rbc8 
28.Rcd1 a5 29.h4 Ra8 30.Ne2 g6 31.h5 a4 32.hxg6 hxg6 33.Rd3 axb3 34.axb3 
Nd7 35.Rxd6 Nc5 36.Rxd8 Rxd8 37.Nd4 Bxe4 38.Bxe4 Nxe4+ 39.Ke3 Nc5 40.b4 
Nb3 41.c5 Nxd4 42.Rxd4 Rc8 43.Kd3 f6 44.Kc4 g5 45.fxg5 fxg5 46.Kb5 Rc6 47.
Rd3 e5 48.Rh3 Kd8 49.Rh8+ Kd7 50.Rh7+ Kc8 51.Re7 Rf6 52.Rxe5 g4 53.Rg5 Rf4
54.Rg8+ Kc7 55.Rg7+ Kb8 56.g3 Re4 57.Ka5 Rc4 58.b5 Rxc5 59.Kb6 Rc4 60.Rg8+
Rc8 61.Rxg4 Rf8 62.Rg6 Kc8 63.g4 Re8 64.g5 Re5 65.Rg8+ Kd7 66.g6 Ke7 67.
Rg7+ Kf6 68.Rxb7 Kxg6 69.Ka6 1-0

[Event "19th EUR-ch"]
[Site "Batumi GEO"]
[Date "2018.03.24"]
[Round "7.39"]
[White "Shevchenko, Kirill"]
[Black "Motylev, Alexander"]
[Result "1/2-1/2"]
[WhiteElo "2545"]
[BlackElo "2669"]
[EventDate "2018.03.17"]
[PlyCount "41"]

1.e4 c5 2.Nf3 Nc6 3.Nc3 g6 4.d4 cxd4 5.Nxd4 Bg7 6.Be3 Nf6 7.Bc4 O-O 8.Bb3 
Re8 9.O-O d6 10.h3 Na5 11.f4 b6 12.Ba4 Bd7 13.Bxd7 Qxd7 14.Qd3 Rac8 15.
Rad1 Nc4 16.Bc1 e5 17.Nde2 b5 18.b3 b4 19.bxc4 bxc3 20.Nxc3 exf4 21.Bxf4 
1/2-1/2

[Event "19th EUR-ch"]
[Site "Batumi GEO"]
[Date "2018.03.24"]
[Round "7.40"]
[White "Moiseenko, Olexandr"]
[Black "Beliavsky, Alexander"]
[Result "1/2-1/2"]
[WhiteElo "2659"]
[BlackElo "2537"]
[EventDate "2018.03.17"]
[PlyCount "77"]

1.d4 d5 2.c4 c6 3.Nf3 Nf6 4.Nc3 e6 5.Bg5 h6 6.Bh4 dxc4 7.e4 g5 8.Bg3 b5 9.
Be2 Bb7 10.Qc2 Nbd7 11.Rd1 Qb6 12.O-O a6 13.b3 cxb3 14.axb3 Nh5 15.d5 Nxg3
16.hxg3 exd5 17.exd5 Bg7 18.d6 O-O 19.Qf5 Bxc3 20.Qxd7 Bc8 21.Qe7 Qc5 22.
b4 Bxb4 23.Qf6 g4 24.d7 gxf3 25.Bxf3 Bxd7 26.Rxd7 Bc3 27.Qxh6 Bg7 28.Qh4 
Ra7 29.Rxa7 Qxa7 30.Bxc6 Qd4 31.Qe7 b4 32.Ba4 a5 33.Rd1 Qc4 34.Qb7 Bf6 35.
Qb6 Kg7 36.Qe3 Rd8 37.Rxd8 Bxd8 38.Bb3 Qc3 39.Qxc3+ 1/2-1/2

[Event "19th EUR-ch"]
[Site "Batumi GEO"]
[Date "2018.03.24"]
[Round "7.41"]
[White "Stupak, Kirill"]
[Black "Sutovsky, Emil"]
[Result "1-0"]
[WhiteElo "2541"]
[BlackElo "2659"]
[EventDate "2018.03.17"]
[PlyCount "103"]

1.d4 g6 2.c4 Bg7 3.Nf3 Nf6 4.Nc3 O-O 5.g3 d5 6.cxd5 Nxd5 7.Bg2 Nc6 8.O-O 
e5 9.Nxd5 e4 10.Nd2 Qxd5 11.Nxe4 Qxd4 12.Nc3 Be6 13.Bxc6 Qxd1 14.Rxd1 bxc6
15.Be3 Rfb8 16.Rd2 a5 17.Rc1 a4 18.a3 Bb3 19.f3 Rd8 20.Rxd8+ Rxd8 21.Kf2 
c5 22.Bxc5 Rd2 23.Ke3 Rxb2 24.Bd4 Bc2 25.Bxg7 Kxg7 26.Kd4 Bf5 27.g4 Bd7 
28.Rb1 Rd2+ 29.Ke3 Rd6 30.Rb7 Rc6 31.Kd4 h5 32.g5 Rd6+ 33.Ke3 Re6+ 34.Kf2 
Rc6 35.Nd5 Rc5 36.Nf6 Bh3 37.Ne4 Re5 38.Rxc7 Be6 39.h4 Kf8 40.Rc5 Rd5 41.
Rxd5 Bxd5 42.Ke3 Ke7 43.Kd4 Bb3 44.f4 Bc2 45.Nf6 Ke6 46.e4 Bd1 47.Nd5 Bc2 
48.Ne3 Bb3 49.f5+ Ke7 50.fxg6 fxg6 51.Ke5 Ba2 52.Nd5+ 1-0

[Event "19th EUR-ch"]
[Site "Batumi GEO"]
[Date "2018.03.24"]
[Round "7.42"]
[White "Triapishko, Alexandr"]
[Black "Kovalev, Vladislav"]
[Result "1/2-1/2"]
[WhiteElo "2530"]
[BlackElo "2650"]
[EventDate "2018.03.17"]
[PlyCount "139"]

1.e4 e5 2.Nf3 Nc6 3.Bb5 a6 4.Ba4 Nf6 5.O-O Be7 6.d3 b5 7.Bb3 d6 8.a3 O-O 
9.Nc3 Na5 10.Ba2 Be6 11.Bxe6 fxe6 12.b4 Nc6 13.Bd2 Nd4 14.Nxd4 exd4 15.Ne2
e5 16.a4 Qd7 17.f4 Qe6 18.Qb1 Nd7 19.f5 Qf7 20.c3 dxc3 21.Nxc3 c6 22.Qc2 
Nf6 23.axb5 axb5 24.Ne2 Qe8 25.Qb3+ Qf7 26.Qc2 Qe8 27.Qb3+ Kh8 28.Qe6 Rc8 
29.Ra7 Bd8 30.Qxe8 Bb6+ 31.Kh1 Rfxe8 32.Ra6 Nd7 33.Nc3 Kg8 34.g4 Kf7 35.g5
g6 36.Kg2 gxf5 37.exf5 d5 38.Re1 Ra8 39.Rea1 Rac8 40.h4 e4 41.dxe4 d4 42.
Re1 dxc3 43.Bxc3 Bc7 44.Ra7 Kg8 45.Rd1 Re7 46.h5 Nb6 47.g6 Nc4 48.Rd3 Ne5 
49.Bxe5 Rxe5 50.Rd7 hxg6 51.hxg6 Bd8 52.Rg7+ Kh8 53.Rh7+ Kg8 54.Rag7+ Kf8 
55.Kf3 Ra8 56.Rf7+ Kg8 57.Rhg7+ Kh8 58.Kf4 Re8 59.Rh7+ Kg8 60.Rfg7+ Kf8 
61.e5 Ra1 62.Rf7+ Kg8 63.Rfg7+ Kf8 64.Rh8+ Kxg7 65.Rxe8 Rf1+ 66.Kg4 Rg1+ 
67.Kf3 Rf1+ 68.Kg4 Rg1+ 69.Kf3 Rf1+ 70.Kg4 1/2-1/2

[Event "19th EUR-ch"]
[Site "Batumi GEO"]
[Date "2018.03.24"]
[Round "7.43"]
[White "Meier, Georg"]
[Black "Palac, Mladen"]
[Result "1-0"]
[WhiteElo "2648"]
[BlackElo "2546"]
[EventDate "2018.03.17"]
[PlyCount "67"]

1.d4 Nf6 2.c4 e6 3.Nf3 d5 4.g3 Bb4+ 5.Bd2 Be7 6.Bg2 c6 7.O-O Nbd7 8.Qb3 
O-O 9.Rc1 a5 10.a3 h6 11.e3 Bd6 12.Nc3 dxc4 13.Qxc4 e5 14.Be1 Re8 15.Qe2 
exd4 16.Nxd4 a4 17.Rd1 Nc5 18.Qc2 Qe7 19.Rac1 Bg4 20.f3 Be6 21.Nxe6 Qxe6 
22.Bf2 Nb3 23.Rb1 Bc5 24.Rd3 b5 25.Rbd1 Qe7 26.f4 Rac8 27.Bf3 Rc7 28.e4 
Nd7 29.e5 Nb6 30.Ne4 Bxf2+ 31.Qxf2 Rb8 32.Nd6 Nc8 33.Nf5 Qe8 34.Rd8 1-0

[Event "19th EUR-ch"]
[Site "Batumi GEO"]
[Date "2018.03.24"]
[Round "7.44"]
[White "Maghalashvili, Davit"]
[Black "Krasenkow, Michal"]
[Result "1/2-1/2"]
[WhiteElo "2508"]
[BlackElo "2644"]
[EventDate "2018.03.17"]
[PlyCount "129"]

1.Nf3 d6 2.d4 Bg4 3.c4 g6 4.e3 Bg7 5.Be2 Nd7 6.h3 Bxf3 7.Bxf3 c6 8.Nc3 
Ngf6 9.O-O O-O 10.b4 e5 11.Rb1 Re8 12.b5 Qc7 13.bxc6 bxc6 14.Qa4 Rac8 15.
Ba3 a5 16.Rfc1 exd4 17.exd4 Bh6 18.Rd1 Bf8 19.d5 Ne5 20.Be2 cxd5 21.Nxd5 
Nxd5 22.cxd5 Nc4 23.Bxc4 Qxc4 24.Qxc4 Rxc4 25.Rb6 Rd8 26.Rd3 Rc2 27.Bb2 
Re8 28.Re3 Rxe3 29.fxe3 f5 30.Ba3 Bh6 31.Rb8+ Kf7 32.Rb7+ Ke8 33.Bxd6 
Bxe3+ 34.Kh2 f4 35.Re7+ Kd8 36.Rf7 Rxa2 37.Bxf4 Ke8 38.Rf6 Bxf4+ 39.Rxf4 
Rd2 40.Rh4 h5 41.Re4+ Kf7 42.Re5 Kf6 43.Re6+ Kf5 44.Rd6 h4 45.Rd8 g5 46.d6
Rd5 47.Ra8 Ke6 48.Ra6 Kd7 49.Kg1 Kc8 50.Rb6 a4 51.Ra6 Rd4 52.Ra7 Kb8 53.
Ra5 Kb7 54.d7 Kc7 55.Ra7+ Kd8 56.g3 Rd1+ 57.Kg2 Rd2+ 58.Kg1 Ra2 59.gxh4 
gxh4 60.Kf1 Ra3 61.Kf2 Ke7 62.Kf1 Rf3+ 63.Ke2 Rf4 64.Ke3 Rb4 65.Kf3 
1/2-1/2

[Event "19th EUR-ch"]
[Site "Batumi GEO"]
[Date "2018.03.24"]
[Round "7.45"]
[White "Onischuk, Vladimir"]
[Black "Nevednichy, Vladislav"]
[Result "1-0"]
[WhiteElo "2632"]
[BlackElo "2542"]
[EventDate "2018.03.17"]
[PlyCount "105"]

1.e4 e6 2.d4 d5 3.Nc3 dxe4 4.Nxe4 Nd7 5.Nf3 Ngf6 6.Nxf6+ Nxf6 7.Be3 Bd6 8.
Bd3 O-O 9.Qe2 b6 10.O-O-O Bb7 11.Kb1 c5 12.Bg5 h6 13.Bh4 Rc8 14.dxc5 Rxc5 
15.Bg3 Rd5 16.c4 Rxd3 17.Rxd3 Be4 18.Rd1 Be7 19.Ne5 Qc8 20.f3 Bf5 21.a3 
Rd8 22.Ka2 Bxd3 23.Rxd3 Nd7 24.Rxd7 Rxd7 25.Nxd7 Qxd7 26.Be5 f6 27.Bc3 Kf7
28.b4 h5 29.Kb3 Qd6 30.h3 Ke8 31.a4 Kf7 32.Qd2 Qc6 33.Qd3 Kf8 34.Qh7 Qd6 
35.Qh8+ Kf7 36.Qxh5+ Kf8 37.Kc2 Qg3 38.Qg4 Qf2+ 39.Kb3 Qf1 40.Qg6 e5 41.
Qc2 Kf7 42.Qd2 Kg6 43.h4 Qb1+ 44.Bb2 Kh5 45.g3 Qf1 46.Qd5 Kh6 47.c5 bxc5 
48.bxc5 Qe1 49.c6 Qb4+ 50.Kc2 Qxa4+ 51.Kb1 Qa6 52.c7 Qc8 53.Qc6 1-0

[Event "19th EUR-ch"]
[Site "Batumi GEO"]
[Date "2018.03.24"]
[Round "7.46"]
[White "Diermair, Andreas"]
[Black "Zhigalko, Sergei"]
[Result "1-0"]
[WhiteElo "2507"]
[BlackElo "2625"]
[EventDate "2018.03.17"]
[PlyCount "111"]

1.d4 Nf6 2.c4 e6 3.Nc3 Bb4 4.e3 O-O 5.Nf3 d6 6.Bd2 b6 7.Bd3 Bb7 8.a3 Bxc3 
9.Bxc3 Ne4 10.Rc1 Nd7 11.O-O Nxc3 12.Rxc3 Nf6 13.Qe2 c5 14.e4 cxd4 15.Nxd4
Rc8 16.Rd1 Qe7 17.Bc2 Rfd8 18.f3 a6 19.Bb3 Nd7 20.Ba2 Ne5 21.Re3 Qc7 22.
Rc3 Qe7 23.Nc2 h6 24.Ne3 Bc6 25.Rdc1 Rb8 26.Bb1 Ng6 27.Qf2 Nf4 28.Re1 b5 
29.Qg3 Nh5 30.Qf2 Nf4 31.Qc2 b4 32.axb4 Rxb4 33.Rd1 a5 34.Kh1 Qb7 35.b3 a4
36.e5 Ng6 37.exd6 axb3 38.Qd3 b2 39.Ra3 Qb6 40.Rd2 Qc5 41.h3 f5 42.Qc3 Ne5
43.Rb3 Rxb3 44.Qxb3 Ba4 45.Qc3 Rb8 46.Nd5 Qxc4 47.Qxe5 Qc1+ 48.Kh2 Qxb1 
49.d7 Rd8 50.Rxb2 Qa1 51.Qxe6+ Kh7 52.Qxf5+ Kh8 53.Nf6 gxf6 54.Qxf6+ Kh7 
55.Qxd8 Qxb2 56.Qe7+ 1-0

[Event "19th EUR-ch"]
[Site "Batumi GEO"]
[Date "2018.03.24"]
[Round "7.47"]
[White "Indjic, Aleksandar"]
[Black "Baron, Tal"]
[Result "1/2-1/2"]
[WhiteElo "2623"]
[BlackElo "2529"]
[EventDate "2018.03.17"]
[PlyCount "112"]

1.d4 Nf6 2.Nf3 g6 3.Nbd2 d5 4.b4 Bg7 5.e3 O-O 6.a4 a5 7.b5 c5 8.bxc6 Nxc6 
9.Ba3 Qc7 10.c3 b6 11.Be2 Ba6 12.Bxa6 Rxa6 13.O-O Rc8 14.Qb3 e5 15.Rfc1 
Raa8 16.c4 dxc4 17.Nxc4 exd4 18.exd4 Ne8 19.Nxb6 Rab8 20.Rab1 Bh6 21.Re1 
Nf6 22.Bc5 Nd7 23.Qb5 Bf8 24.g3 Nxc5 25.dxc5 Nb4 26.Qd7 Nc2 27.Rec1 Qxd7 
28.Nxd7 Rxb1 29.Rxb1 Bxc5 30.Rb5 Nd4 31.Rxc5 Nxf3+ 32.Kg2 Rxc5 33.Nxc5 Ne5
34.f4 Nc6 35.Kf3 f5 36.Ke3 Kf7 37.Kd3 Ke7 38.Kc4 Kd6 39.Nb3 h6 40.Kb5 g5 
41.Nxa5 Nd4+ 42.Kb6 gxf4 43.gxf4 Kd5 44.Nb7 Nb3 45.Nd8 h5 46.a5 Nxa5 47.
Kxa5 h4 48.Kb6 Ke4 49.Ne6 Kf3 50.Kc5 Kg2 51.Ng7 Kxh2 52.Nxf5 h3 53.Ne3 Kg3
54.f5 h2 55.Nf1+ Kg4 56.Nxh2+ Kxf5 1/2-1/2

[Event "19th EUR-ch"]
[Site "Batumi GEO"]
[Date "2018.03.24"]
[Round "7.48"]
[White "Mikaelyan, Arman"]
[Black "Yilmaz, Mustafa"]
[Result "1/2-1/2"]
[WhiteElo "2486"]
[BlackElo "2619"]
[EventDate "2018.03.17"]
[PlyCount "70"]

1.d4 Nf6 2.c4 e6 3.Nf3 d5 4.Nc3 Bb4 5.Bg5 h6 6.Bxf6 Qxf6 7.e3 O-O 8.Qb3 c5
9.cxd5 exd5 10.dxc5 Bxc3+ 11.Qxc3 Qxc3+ 12.bxc3 Nd7 13.Rd1 Nf6 14.Nd4 Bd7 
15.c4 Rfc8 16.Nb3 Be6 17.Rd4 b6 18.Bd3 bxc5 19.Rf4 Rab8 20.Kd2 a5 21.Kc2 
Kf8 22.Bf5 Rb4 23.Bxe6 fxe6 24.a3 Rb6 25.cxd5 exd5 26.Rb1 Kf7 27.Nd2 Rxb1 
28.Nxb1 Ke7 29.h4 Kd6 30.Nc3 Ke5 31.g4 Rc6 32.g5 hxg5 33.hxg5 Ne4 34.Nxe4 
dxe4 35.Rf7 Rg6 1/2-1/2

[Event "19th EUR-ch"]
[Site "Batumi GEO"]
[Date "2018.03.24"]
[Round "7.50"]
[White "Ponkratov, Pavel"]
[Black "Shengelia, David"]
[Result "1-0"]
[WhiteElo "2613"]
[BlackElo "2508"]
[EventDate "2018.03.17"]
[PlyCount "61"]

1.e4 c5 2.Nf3 e6 3.d4 cxd4 4.Nxd4 a6 5.Bd3 g6 6.c4 Bg7 7.Be3 Ne7 8.Nc3 
Nbc6 9.Nxc6 bxc6 10.c5 Rb8 11.Qd2 O-O 12.O-O f5 13.f3 Qc7 14.Rad1 f4 15.
Bf2 g5 16.Na4 Ng6 17.Nb6 Ne5 18.Be2 Rf7 19.b4 Bb7 20.Qd6 Qxd6 21.Rxd6 Kf8 
22.Rfd1 Ke8 23.Bd4 Bc8 24.Kf1 Re7 25.a4 Kd8 26.Ke1 Kc7 27.Bxa6 Nd3+ 28.
Rxd3 Bxa6 29.Be5 Rxb6 30.Rxd7+ Kc8 31.Rd8+ 1-0